000 02389cam a22005297a 4500
003 CHAP
005 20251215091626.0
008 971013s1993 r 00010 d
010 _a9512
011 _a10484
035 _a9721
040 _cCHAP
082 _a972.01
_bR8
100 1 0 _aRuvalcaba Mercado, Jesús
_ecoord.
_9101009
245 0 _aHuasteca
260 _aMéxico, D. F. :
_bCentro de Investigaciones y Estudios Superiores en Antropología Social,
_c1993
300 _a3 v
505 _aContenido: v.1 Espacio y tiempo. Mujer y trabajo v.2 Prácticas agrícolas y medicina tradicional. Arte y sociedad v.3 Movilizaciones campesinas
590 _aBATCH-UPD
_b10
_c20130110
_lUCH01
_h0124
590 _aBATCH-UPD
_b10
_c20130110
_lUCH01
_h0905
590 _aBATCH-UPD
_b10
_c20130409
_lUCH01
_h2118
590 _aBATCH-UPD
_b10
_c20130410
_lUCH01
_h0532
590 _aBATCH-UPD
_b10
_c20130913
_lUCH01
_h2217
590 _aCONVERSION
_b10
_c20130109
_lUCH01
_h1306
650 1 4 _aAgricultura sustentable.
650 1 4 _aAgricultura
_xHuastecas.
_91540
650 1 4 _aAntropologia.
_96133
650 1 4 _aArtes y oficios.
_97751
650 1 4 _aBotánica médica.
_914680
650 1 4 _aCampesinado
_xHuastecas.
_918020
650 1 4 _aHuastecas
_xHistoria.
_956592
650 1 4 _aIndios de México
_xMedicina.
_957633
650 1 4 _aMujer en comunidades rurales
_xHuastecas.
_979374
650 1 4 _aRecursos naturales
_xHuastecas.
_995289
700 0 _aAlcalá, Graciela
_ecoord
_93551
700 0 _aEncuentro de Investigadores de la Huasteca (6 : 1991 : México, D. F.)
_936781
901 _aBK
942 _cLIBRO
949 _a972.01 R8
_bBC
_cLIBRO
_d33724000151437
_eLIBRO
_fv.3 c.3
_gI. c/e
_h86245
_i9721
_si
_t20.40
949 _a972.01 R8
_bBC
_cLIBRO
_d33724000151502
_eLIBRO
_fv.1
_gI.c/e
_h86085
_i9721
_si
_t22.20
949 _a972.01 R8
_bBC
_cLIBRO
_d33724000151510
_eLIBRO
_fv.1 c.2
_gI. c/e
_h86086
_i9721
_si
_t22.20
949 _a972.01 R8
_bBC
_cLIBRO
_d33724000151528
_eLIBRO
_fv.2 c.2
_gI. c/e
_h86088
_i9721
_si
_t22.80
949 _a972.01 R8
_bBC
_cLIBRO
_d33724000151536
_eLIBRO
_fv.2
_gI. c/e
_h86087
_i9721
_si
_t22.80
949 _a972.01 R8
_bBC
_cLIBRO
_d33724000151544
_eLIBRO
_fv.2 c.3
_h86244
_i9721
_mD
_si
_t20.40
949 _a972.01 R8
_bBC
_cLIBRO
_d33724000151569
_eLIBRO
_fv.3
_gI. c/e
_h86089
_i9721
_si
_t20.40
949 _a972.01 R8
_bBC
_cLIBRO
_d33724002206025
_eLIBRO
_fv.3 c.2
_gI. c/e
_h86090
_i9721
_si
_t20.40
999 _c9512
_d9512